| 000 | 00538nam a22001937a 4500 | ||
|---|---|---|---|
| 999 |
_c7209 _d7209 |
||
| 003 | GBCCL | ||
| 005 | 20241126110622.0 | ||
| 008 | 180718b ||||| |||| 00| 0 eng d | ||
| 040 | _cgbc | ||
| 082 |
_a651.53 _bPUR |
||
| 100 |
_aPuri, G. K. _912760 |
||
| 245 |
_aOffice procedures and drafting / _cG. K. Puri |
||
| 260 |
_aNew Delhi: _bCompetition Review, |
||
| 300 |
_a176 p.; _bill., _c19 cm. |
||
| 440 |
_aCompetition Success Review _912761 |
||
| 650 |
_aManagement _92875 |
||
| 650 |
_aDrafting and procedures _912762 |
||
| 942 |
_2ddc _cBK |
||